| 000 | 00409 a2200157 4500 | ||
|---|---|---|---|
| 020 | _a9780387485324 | ||
| 040 |
_aDLC _bDLC |
||
| 082 | _a005.8 | ||
| 100 | _aGertz, Michael | ||
| 245 |
_aHandbook of database security applications and trends _cGertz, Michael |
||
| 260 |
_aNew York _bSpringer _c2008 |
||
| 300 | _a577 p. | ||
| 650 | _aData encryption | ||
| 700 | _aGertz, Michael | ||
| 942 |
_cBK _k005.8 GER _2ddc |
||
| 999 |
_c10764 _d10764 |
||